| 000 | 02040cam a22004814i 4500 | ||
|---|---|---|---|
| 003 | PE-LiUPU | ||
| 005 | 20250731172823.0 | ||
| 008 | 150617s r 000 0 d | ||
| 035 | _a(Sirsi) a15007 | ||
| 040 |
_aPE-LiUPU _bspa _cPE-LiUPU _erda |
||
| 049 | _aPRUA | ||
| 082 | 0 | 4 |
_a251.01 _bB23 _221 |
| 100 | 1 |
_aLâpple, Alfred, _eautor. |
|
| 245 | 1 | 3 |
_aEl mensaje de los evangelios hoy: manual de lectura y predicación / _cAlfred Lâpple. |
| 264 | 1 |
_aMadrid : _bEdiciones Paulinas, _c1967. |
|
| 300 |
_a460 páginas : _bil. ; _c21 cm |
||
| 336 |
_atext _2rdacontent |
||
| 337 |
_aunmediated _2rdamedia |
||
| 338 |
_avolume _2rdacarrier |
||
| 505 | 0 | _aPrenotandos bíblico-teológicos. -Predicación sobre la cruz y sobre la resurrección. -Los milagros en la predicación de Jesús. -Predicación del mensaje de Jesús. -El ministerio de la persona y de la misión de Jesús. -Predicación del nacimiento e infancia de Jesús. | |
| 526 | _aSEG42 | ||
| 526 | _aSEG41 | ||
| 526 | _aSEG40 | ||
| 526 | _aSEG39 | ||
| 526 | _aP94 | ||
| 526 | _aP87 | ||
| 526 | _aP86 | ||
| 526 | _aP85 | ||
| 526 | _aP77 | ||
| 526 | _aP76 | ||
| 526 | _aP35 | ||
| 630 |
_aBiblia _pN.T. _pEvangelios _xCrítica e interpretación. |
||
| 910 |
_ajck _bjvq _cjck _d20150616 |
||
| 942 |
_2ddc _cBOOK |
||
| 949 |
_a226.102 L25 _wDEWEY _c2 _i13498 _lCCODEBUL1 _mBUL _p00.00 _r0 _sY _tBOOK _u2015-04-21 _xTEOLOGIA _PP35 _0COMPRA _o.STAFF. Colección General |
||
| 949 |
_a251.01 B23 _wDEWEY _c1 _i38584 _lCCODEBUL1 _mBUL _p00.00 _r0 _sY _tBOOK _u1976 _xTEOLOGIA _PP35 _0COMPRA _o.STAFF. Colección General |
||
| 994 |
_aC0 _bPEPRU |
||
| 596 | _a1 | ||
| 999 |
_a226.102 L25 _wDEWEY _c5548 _i13498 _f2021-11-9 _g5 _lCCODEBUL1 _mBUL _r0 _sY _tBOOK _u2015-4-21 _xTEOLOGIA _PP35 _0COMPRA _o.STAFF. Colección General _d5548 |
||
| 999 |
_a251.01 B23 _wDEWEY _c1 _i38584 _d2018-5-21 _f2019-12-10 _g5 _lDISCARD _mBUL _q1 _r0 _sY _tBOOK _u2015-6-17 _xTEOLOGIA _PP35 _0COMPRA _o.STAFF. Colección General |
||
| 980 |
_81 _gALBERTO SANCHEZ Responsable de Automatización |
||